000 00407nam a2200157Ia 4500
003 Ost
005 20260225132540.0
008 260225s9999||||xx |||||||||||||| ||und||
040 _cfsic
041 _afre
082 _a341.6
100 _aIstitut de droit international
_eAuteur
245 0 _aAnnuaire de l'institut de droit international /
245 0 _cIstitut de droit international
942 _cكتاب
999 _c33444
_d33444